Third World Resource Dictionary-1994-1995 (Record no. 9996)

MARC details
000 -LEADER
fixed length control field 00392nam a2200157 a 4500
020 ## - INTERNATIONAL STANDARD BOOK NUMBER
ISBN 0883442
082 00 - DEWEY DECIMAL CLASSIFICATION NUMBER
Classification number 025
Author Cutter FEN
100 ## - MAIN ENTRY--AUTHOR NAME
Author name Fenton, Thomas P
245 ## - TITLE STATEMENT
Title Third World Resource Dictionary-1994-1995
260 ## - PUBLICATION, DISTRIBUTION, ETC. (IMPRINT)
Place of publication New York
Name of publisher Orbis Books
Year of publication 1994
300 ## - PHYSICAL DESCRIPTION
Number of Pages 785p
500 ## - GENERAL NOTE
General note includes index and biblioraphy
505 2# - FORMATTED CONTENTS NOTE
Formatted contents note Index
650 ## - SUBJECT ADDED ENTRY--TOPICAL TERM
Topical Term Directory-Organization
942 ## - ADDED ENTRY ELEMENTS (KOHA)
Koha item type Books
Holdings
Collection code Home library Current library Date acquired Cost, normal purchase price Full call number Accession Number Koha item type
  Henry Martyn Institute Library Henry Martyn Institute Library 04/21/2008 3038.00 025 FEN 016564 Books
                   Copyright © 2026 | Henry Martyn Institute | Hyderabad | TS-500052 | INDIA | Implemented by hmi.edu.in
Hit-Count:

Powered by Koha